| 000 | 00720na a2200229 4500 | ||
|---|---|---|---|
| 001 | 15740 | ||
| 003 | MIRAKIL | ||
| 005 | 20181213155119.0 | ||
| 008 | 160923b tu 000 0 | ||
| 020 | _a9751913284 | ||
| 035 | _a15740 | ||
| 040 |
_aMilas _btur _cTR-AnCHP |
||
| 082 |
_a323.06 _bİ57i 1996 |
||
| 090 | _a323.06 İ57i 1996 | ||
| 110 | _aİnsan Hakları Danışma Kurulu | ||
| 245 |
_aİnsan Hakları Danışma Kurulunun 1995 yılı çalışmaları _cİnsan Hakları Danışma Kurulu |
||
| 260 |
_aAnkara _bİnsan Hakları Danışma Kurulu _c1996 |
||
| 300 |
_a252 s. _c24 sm. |
||
| 610 |
_aİnsan Hakları Danışma Kurulu _xRaporlar _y1995 |
||
| 651 |
_aTürkiye _xİnsan hakları |
||
| 942 |
_2ddc _cBKS |
||
| 999 |
_c6777 _d6777 |
||